Multiple Choice City Quiz – Bro - Statistics

General Stats
  • This quiz has been taken 196 times
  • The average score is 3 of 10
Answer Stats
Question Answer % Correct
Which ancient structures can be found near Bro? Viking runestones
61%
What does "bro" mean in Swedish? Bridge
50%
Which county did Bro belong to until 1971? Uppsala
45%
Which of these trains can you take to go from Bro to Stockholm? Pendeltåg
38%
Where is the other Swedish town called Bro? Gotland
37%
In which decade did the city's population increase by a factor of 7? 1960s
28%
Which sport has a major club in Bro? Golf
26%
Which of them is Bro church?
21%
Which of these grocery and supermarket chains has one of its biggest depot centres in Bro? Coop
19%
What major body of water is close to Bro? Lake Malar
16%
No matching quizzes found
Score Distribution
Percent of People with Each Score
Percentile by Number Answered
Your Score History
You have not taken this quiz